Анализ и исследование углей (с 37 рисунками и 14 таблицами)

Bibliografiset tiedot
Päätekijä: Стадников Г. Л.
Yhteisötekijä: Академия наук СССР (АН СССР) Институт горючих ископаемых (ИГИ)
Kieli:venäjä
Julkaistu: Москва, Изд-во АН СССР, 1936
Painos:2-е изд., перераб. и доп.
Aiheet:
Aineistotyyppi: Kirja
KOHA link:https://koha.lib.tpu.ru/cgi-bin/koha/opac-detail.pl?biblionumber=261812

MARC

LEADER 00000nam0a2200000 4500
001 261812
005 20231031221804.0
035 |a (RuTPU)RU\TPU\book\284793 
090 |a 261812 
100 |a 20140527d1936 k y0rusy50 ca 
101 0 |a rus 
102 |a RU 
105 |a a z 001zy 
200 1 |a Анализ и исследование углей (с 37 рисунками и 14 таблицами)  |f Г. Л. Стадников  |g Академия наук СССР (АН СССР), Институт горючих ископаемых (ИГИ) 
205 |a 2-е изд., перераб. и доп. 
210 |a Москва  |a Ленинград  |c Изд-во АН СССР  |d 1936 
215 |a 216 с.  |c ил. 
320 |a Библиогр. в примеч. 
320 |a Авторский указатель: с. 212-213 
606 1 |a Уголь  |2 stltpush  |3 (RuTPU)RU\TPU\subj\62517 
610 1 |a анализ 
610 1 |a исследование 
610 1 |a пробы 
610 1 |a технический анализ 
610 1 |a составные части 
610 1 |a золы 
675 |a 622  |v 3 
700 1 |a Стадников  |b Г. Л. 
712 0 2 |a Академия наук СССР (АН СССР)  |b Институт горючих ископаемых (ИГИ)  |c (Москва)  |c (1934-1947)  |2 stltpush  |3 (RuTPU)RU\TPU\col\10830 
801 1 |a RU  |b 63413507  |c 20140527 
801 2 |a RU  |b 63413507  |c 20160609  |g RCR 
942 |c BK